000 01333nam a2200409 i 4500
001 7638
003 KOSZ 005
005 20200424135039.0
008 070606s1973 pl a f f |000 0 pol
015 _aPB 1973/9266
035 _a(OCoLC)830836577
040 _aWA N
_cWA N
_dKOSZ 005/HR
046 _k1973
080 _a697
080 _a628.8
080 _a(075.8)
100 _aPiotrowski, Zbigniew
_d(1920-2003).
_eAutor
245 1 0 _aAparatura ogrzewcza w ciepłownictwie /
_cZbigniew Piotrowski.
260 _aWarszawa :
_bWydawnictwa Politechniki Warszawskiej,
_c1973.
300 _a152, [1] s., [2] k. tabl. :
_bil. ;
_c23 cm.
336 _2rdacontent
_aTekst
_btxt
337 _2rdamedia
_aBez urządzenia pośredniczącego
_bn
338 _2rdacarrier
_aWolumin
_bnc
380 _aKsiążki
380 _aPublikacje dydaktyczne
385 _mPoziom nauczania
_aSzkoły wyższe
388 _a1901-2000
388 _a1945-1989
504 _aBibliogr.
658 _aInżynieria i technika
655 4 _aPodręczniki akademickie
650 4 _aUrządzenia
650 4 _aOgrzewanie
710 2 _aWydawnictwa Politechniki Warszawskiej
_4pbl.
856 _uhttp://koha.tu.koszalin.pl/cgi-bin/koha/opac-detail.pl?biblionumber=7638
_yKatalog online BPK
942 _2UKD
_cKS
999 _c7638
_d7638